Paroles - Maman a tort - Mylène Farmer - Statistiques

Statistiques générales
  • Ce quiz a été pris 134 fois
  • Le résultat moyen est 221 sur 303
Statistiques - réponses
Paroles % Correct
maman
100%
a
98%
à
98%
tort
98%
de
97%
Un,
97%
un
97%
95%
la
95%
ce
94%
Deux,
94%
deux,
94%
deux
94%
je
94%
Trois,
93%
beau
92%
c'est
92%
l'infirmière
92%
pleure
92%
Quatre,
92%
l'aime
90%
Cinq,
89%
l'amour
89%
Six,
89%
six,
89%
Sept,
88%
me
86%
est
85%
Huit,
85%
j'ai
85%
il
82%
tout
82%
les
78%
Les
78%
elle
76%
J'aime
75%
toucher
74%
droit
73%
mal
72%
pas
72%
qu'on
69%
m'interdit
68%
quand
65%
et
63%
m'amuse
63%
plaisirs
63%
impolis
62%
m'arrête
62%
sourit
60%
d'mon
59%
dis
55%
vous?
54%
que
53%
quoi
43%
des
42%
dise
42%
l'hôpital
41%
belle
40%
c'que
38%
fait
38%
j'veux
38%
Tu
38%
tu
38%
m'oubliera
37%
en
36%
j'suis
36%
peur
36%
bien
35%
ça
35%
chante
35%
était
34%
yeux
33%
cette
32%
pour
32%
malheureuse
31%
mouillés
31%
nuit
31%
vie
31%
choses
30%
comme
29%
lu
28%
quoique
28%
très
28%
infirmière
27%
j'en
26%
m'fait
25%
souvent
25%
l'alouette
24%
sourire
24%
d'vous
22%
parler
22%
dur
20%
sereine
19%
j'pense
18%
Aucun quiz correspondant
Distribution des résultats
% des personnes avec chaque résultat
Percentile par nombre de réponses
Votre historique - résultats
Vous n’avez pas pris ce quiz